Obscure Geography - Letter A - Statistics

General Stats
  • This quiz has been taken 82 times
  • The average score is 9 of 15
Answer Stats
Hint Answer % Correct
Country whose Capital is Tirana Albania
92%
European Mountain Range Alps
91%
US State Home to Little Rock Arkansas
90%
Canadian Province Alberta
88%
Large Brazilian River Amazon
88%
What about Yerevan? Armenia
88%
Or Kabul? Afghanistan
79%
Busiest Airport in the World Airport Code (3 letters) ATL
71%
Sea/Lake that Slowly Dried Up Aral Sea
66%
US City Home to National Cemetery Arlington
61%
NZ Mountain Range that includes the above Southern Alps
51%
UK Base in Cyprus Akrotiri
32%
Eastern Chinese/Russian River Amur River
25%
The 1st Answers Airport Code ATH
13%
Sister City to Boston Athens
13%
No matching quizzes found
Score Distribution
Percent of People with Each Score
Percentile by Number Answered
Your Score History
You have not taken this quiz